| 000 | 00833cam a22002653a 4500 | ||
|---|---|---|---|
| 001 | 1781 | ||
| 003 | PGUSA | ||
| 005 | 20140828083006.0 | ||
| 008 | 990601s1999||||xxu|||||s|||||000 | eng d | ||
| 040 |
_aPGUSA _beng |
||
| 042 | _adc | ||
| 050 | 4 | _aPR | |
| 100 | 1 |
_aShakespeare, William, _d1564-1616 |
|
| 245 | 1 | 4 |
_aThe Merry Wives of Windsor _h[electronic resource] / _cWilliam Shakespeare |
| 260 |
_bProject Gutenberg, _c1999 |
||
| 506 | _aCopyrighted. Read the copyright notice inside this book for details. | ||
| 516 | _aElectronic text | ||
| 653 | _aMarried women -- Drama | ||
| 653 | _aComedies | ||
| 653 | _aFalstaff, John, Sir (Fictitious character) -- Drama | ||
| 653 | _aWindsor (Berkshire, England) -- Drama | ||
| 830 | 0 |
_aProject Gutenberg _v1781 |
|
| 856 | 4 | 0 | _uhttp://www.gutenberg.org/ebooks/1781 |
| 942 | _cEB | ||
| 999 |
_c231125 _d231125 |
||